00396nam a22001337a 4500020001800000082001500018100002000033245012000053260003200173300000800205650002500213942000700238999001700245 a9781363617876 a001.42 TYL aTylor, Edward B aPrimitive Culture: Researches in to the Development of Mythology, Philosophy, Religion, Language, art and Coustom  aLondonbJohn Murray, c1903 a502 aResearches-Mythology cBK c20174d20174